000 00634cam a2200253 4500
008 090401t1999 xxu||||| |||| 00| 0 eng d
020 _a0421556706
035 _a(Sirsi) u92939
041 _aeng
050 _a346.410434
100 _aDavey, Martin
245 _aLandlord and tenant law.
260 _aLondon
_bSweet & Maxwell
_c1999
300 _alii,409p. ; 25cm.
350 _a22.95
490 _aSweet and Maxwell Textbook Series
650 _aLANDLORD AND TENANT
_96252
650 _aLAW
650 _aLEASES
650 _aTENANCIES
690 _aLandlord and tenant
_96252
942 _n0
948 _c23/04/1999
999 _c97790
_d97790